| 000 | 00495cam a2200193ua 4500 | ||
|---|---|---|---|
| 020 |
_a0 07 462447 4 _c75.00 |
||
| 041 |
_aeng _h |
||
| 082 |
_a627 _bSUB/WA |
||
| 100 | _aSubrahmanya, K . | ||
| 245 |
_aWater resources engineering / _cK Subrahmanya. _hTextual Documents |
||
| 250 |
_a2 / _b. |
||
| 260 |
_aNew Delhi : _bTata Mc-Graw Hill Publishing Company , _c1994. |
||
| 300 | _a204 ; . | ||
| 365 | _a75.00 | ||
| 500 | _a* CSS | ||
| 504 | _a | ||
| 942 | _cBK | ||
| 999 |
_c9335 _d9335 |
||